Markets (Record no. 82206)
[ view plain ]
| 000 -LEADER | |
|---|---|
| fixed length control field | 01173cam a22002055a 4500 |
| 001 - CONTROL NUMBER | |
| control field | L149551 |
| 008 - FIXED-LENGTH DATA ELEMENTS--GENERAL INFORMATION | |
| fixed length control field | 100318e2010 xxk 000 0 eng d |
| 035 ## - SYSTEM CONTROL NUMBER | |
| System control number | (Sirsi) u149551 |
| 041 0# - LANGUAGE CODE | |
| Language code of text/sound track or separate title | eng |
| 100 1# - MAIN ENTRY--PERSONAL NAME | |
| Personal name | Shah, Aditi |
| 245 00 - TITLE STATEMENT | |
| Title | Markets |
| Remainder of title | Thames Valley |
| 260 ## - PUBLICATION, DISTRIBUTION, ETC. | |
| Date of publication, distribution, etc. | 2010 |
| 490 ## - SERIES STATEMENT | |
| Series statement | Property Week |
| Volume/sequential designation | 76(9) 5 March 2010,43-48(5) |
| 520 ## - SUMMARY, ETC. | |
| Summary, etc. | Thames Valley office take-up plummeted in 2009, resulting in a 30% rise in available space, whereas Newbury?s office take?up increased by 8% over 2008. Bio-research company, Quintiles, has shortlisted four schemes in the region for its 120 000 sq ft headquarters. Roger Hicks makes the case for promoting Thames Valley as a business destination. Sackville Properties hopes this month to conclude its section 116 agreements with Reading Borough Council on Sackville?s £400m Station Hill scheme. Kier Property has forward-sold the University of Reading?s Enterprise Centre to Merchant Place for £17.6m. Newbury?s Parkway shopping centre is rapidly taking shape. |
| 590 ## - LOCAL NOTE (RLIN) | |
| Local note | KA |
| 651 #4 - SUBJECT ADDED ENTRY--GEOGRAPHIC NAME | |
| Geographic name | Thames Valley |
| 690 ## - LOCAL SUBJECT ADDED ENTRY--TOPICAL TERM (OCLC, RLIN) | |
| Topical term or geographic name as entry element | PROPERTY-COMMERCIAL PROPERTY-COMMERCIAL PROPERTY MARKET |
| 700 1# - ADDED ENTRY--PERSONAL NAME | |
| Personal name | Hicks, Roger |
| 942 ## - ADDED ENTRY ELEMENTS (KOHA) | |
| Suppress in OPAC | 0 |
| Withdrawn status | Lost status | Source of classification or shelving scheme | Damaged status | Not for loan | Home library | Current library | Shelving location | Date acquired | Total Checkouts | Full call number | Barcode | Date last seen | Copy number | Price effective from | Koha item type |
|---|---|---|---|---|---|---|---|---|---|---|---|---|---|---|---|
| Dewey Decimal Classification | London | London | Journal article | 18/03/2010 | L149551 | 149551-1001 | 06/08/2019 | 1 | 06/08/2019 | Journal article |